|
|
|
|
| LEADER |
00000cam a2200000 i 4500 |
| 001 |
1/10180 |
| 008 |
000830s1972 ger d |
| 020 |
|
|
|a 3-548-02919-1
|
| 035 |
|
|
|l 10063339
|
| 040 |
|
|
|a GR-MY-UA
|b gre
|e aacr
|
| 041 |
0 |
|
|a ger
|
| 082 |
0 |
|
|a 330
|
| 245 |
1 |
0 |
|a Wirtschafts- wisenschaft :
|b Hauptstromungen der sozialwissenschaftlichen Forschung /
|c O. Lange ...[et al.] ; Herausgegeben von der Unesco
|
| 260 |
|
|
|a Frankfurt am Main :
|b Ullstein,
|c 1972
|
| 300 |
|
|
|a 127 p.
|
| 650 |
0 |
0 |
|a Economics.
|
| 710 |
2 |
|
|a Unesco.
|
| 852 |
|
|
|a INST
|b LESVOS
|e 20000830
|h 330 WIR
|p 005100023337
|q 005100023337
|t BK
|y 0
|
| 901 |
|
|
|a BIBL1-2000-2
|
| 909 |
|
|
|a Λ
|b 077640
|
| 970 |
|
|
|z 2000/08/ΔΕΜΕΝΑΓΑΣ
|